000 01058nam a22003137a 4500
001 BR8702225
003 BR-BrBNA
005 20230928092443.0
007 ta
008 230509b bl.||||| |||| 00| 0 por d
040 _aBR-BrBNA
_bpor
_cBiblioteca Nacional de Agricultura
041 _a(Por)
072 _aM40
_b/G514
090 _ M40 BR8702225
100 1 _aPoli, C.
100 1 _aSnizek, F.N.
100 1 _aLago, P.F.
100 1 _aMaciel, O. de O.
110 1 _aUniversidade Federal de Santa Catarina, Florianopolis (Brasil)
245 1 _aBarragem do Perrixil: provaveis consequencias ecologicas nas Lagoas Mirim, Iamarui e Santo Antonio [Santa Catarina, Brasil]
260 3 _aFlorianopolis, SC (Brasil):
_c[nd].
300 _a36 p.
500 _a7 graphs; 5 tables. (*) Documento disponível na(o) Universidade Federal de Santa Catarina, Florianopolis (Brazil). Centro de Ciencias Agrarias
650 _aECOLOGIA AQUATICA
650 _aBARRAGEM
650 _aSANTA CATARINA
909 _a202309
_bLucia
_c55
_dLucia Elande
942 _cBK
999 _c39151
_d39151